000 00955nam a22003017a 4500
003 CHAP
005 20220329140150.0
008 971013s1980 r 00010 d
010 _a47964
011 _a48936
035 _a53084
040 _cCHAP
082 _a663.2
_bR5Y
100 0 0 _aRibéreau-Gayon, Jean.
_997202
245 _aTratado de enología
_b: ciencia y técnica de México
260 _aBuenos Aires :
_bHemisferio sur,
_c1980-19
300 _av.
_b: ilus. ; gráfs.
500 _aLa biblioteca tiene : v.1
590 _aBATCH-UPD
_b10
_c20130110
_lUCH01
_h1833
590 _aBATCH-UPD
_b10
_c20130410
_lUCH01
_h1205
590 _aBATCH-UPD
_b10
_c20130914
_lUCH01
_h2004
590 _aCONVERSION
_b10
_c20130109
_lUCH01
_h1326
650 1 4 _aVino
_xAnálisis.
_9119856
650 1 4 _aVino
_xElaboración.
_9119861
901 _aBK
942 _cLIBRO
949 _a663.2 R5Y
_bBC
_cLIBRO
_d33724000130837
_eLIBRO
_gI. 135520
_h70156
_i53084
_si
_t48.00
999 _c47964
_d47964